Hitler, Stalin, Castro, or Mao? Quiz Stats

 Plays Quiz Updated Aug 12, 2019

Score 0/20 Timer 07:00
12 Plays Today
Question Answer Wrong Answers
Who governed the least amount of land? Fidel Castro
91.9%
Adolf Hitler
3.1%
Joseph Stalin
1.3%
Mao Zedong
1.5%
Who sported the least amount of facial hair? Mao Zedong
87.3%
Adolf Hitler
7.4%
Joseph Stalin
1.7%
Fidel Castro
1.4%
Who died first? Adolf Hitler
86%
Joseph Stalin
6.8%
Fidel Castro
0.5%
Mao Zedong
4.5%
Who was a serious admirer of operatic composer W. R. Wagner? Adolf Hitler
84.4%
Joseph Stalin
9%
Fidel Castro
2.4%
Mao Zedong
1.9%
Who was succeeded by a family member? Fidel Castro
83.6%
Adolf Hitler
0.9%
Joseph Stalin
2.4%
Mao Zedong
10.9%
Whose government was not committed to any form of Marxism? Adolf Hitler
82.4%
Joseph Stalin
3.6%
Fidel Castro
3.9%
Mao Zedong
7.9%
Who was married the day before his death? Adolf Hitler
82.4%
Joseph Stalin
5.7%
Fidel Castro
3.2%
Mao Zedong
6.6%
Who commissioned Ramón Mercader to assassinate political rival Leon Trotsky in Mexico? Joseph Stalin
82.4%
Adolf Hitler
1.3%
Fidel Castro
13.4%
Mao Zedong
0.7%
Who eradicated opium production and use in his country? Mao Zedong
81.4%
Adolf Hitler
4%
Joseph Stalin
5%
Fidel Castro
7.5%
Who was born the latest? Fidel Castro
79.7%
Adolf Hitler
5.9%
Joseph Stalin
2.8%
Mao Zedong
9.5%
Who lived to be the oldest? Fidel Castro
74.3%
Adolf Hitler
0.7%
Joseph Stalin
6.1%
Mao Zedong
16.8%
Who commissioned the design of what was to be 'the people's car'? Adolf Hitler
69.5%
Joseph Stalin
13.1%
Fidel Castro
4.9%
Mao Zedong
10.3%
Who visited the United States' mainland? Fidel Castro
69%
Adolf Hitler
3.7%
Joseph Stalin
14.3%
Mao Zedong
10.8%
Who governed through a series of Five-Year Plans including the Great Leap Forward? Mao Zedong
62.6%
Adolf Hitler
6.2%
Joseph Stalin
26.7%
Fidel Castro
2.3%
Whose height exceeded six feet? Fidel Castro
53.1%
Adolf Hitler
4.5%
Joseph Stalin
35.8%
Mao Zedong
4.4%
Who had the highest sum total of spouses and children? Mao Zedong
52.1%
Adolf Hitler
1.9%
Joseph Stalin
20.2%
Fidel Castro
23.6%
Who was a mango enthusiast, such that 'mango fever' spread as part of the 'boundless loyalty' propaganda campaign? Mao Zedong
39.1%
Adolf Hitler
3.5%
Joseph Stalin
5%
Fidel Castro
50.1%
Who lived the most time outside of the 20th century? Joseph Stalin
28.2%
Adolf Hitler
19.2%
Fidel Castro
38.5%
Mao Zedong
12%
Who rejected the title 'Generalissimus' although it was proposed as a military rank in his honor? Joseph Stalin
27.5%
Adolf Hitler
18.2%
Fidel Castro
45%
Mao Zedong
7%
Who was awarded the Lenin Peace Prize? Fidel Castro
19.1%
Adolf Hitler
3.5%
Joseph Stalin
68.2%
Mao Zedong
7.2%

You're not logged in!

Compare scores with friends on all Sporcle quizzes.
OR
Log In

Sporcle TV

Today on Sporcle TV


Watch our educational content, quiz creation guides, and fun videos on Sporcle TV.

Show Comments

Extras

Top Quizzes Today


Score Distribution

Your Account Isn't Verified!

In order to create a playlist on Sporcle, you need to verify the email address you used during registration. Go to your Sporcle Settings to finish the process.

Report this User

Report this user for behavior that violates our Community Guidelines.

Details: